Experimental Biochemistry /

Saved in:
Bibliographic Details
Main Authors: Dryer, Robert L (Author), Lata, Gene F (Author)
Format: Book
Language:English
Published: New York : Oxford University Press, 1989
Tags: Add Tag
No Tags, Be the first to tag this record!

MARC

LEADER 00000nam a22000003a 4500
001 stu20921
005 20150617225754.2
008 930105s1989----xxu-----------------eng-d
020 |a 0-19-505083-5 
040 |a STU  |b slo 
041 0 |a eng 
044 |a xxu 
080 |a 577.1 
100 1 |a Dryer, Robert L  |4 aut 
245 1 |a Experimental Biochemistry /  |c [aut.]Dryer,Robert L., Lata,Gene F 
260 |a New York :  |b Oxford University Press,  |c 1989 
300 |a 514 s :  |b Obr.,tab.,grafy,lit.,index 
700 1 |a Lata, Gene F  |4 aut 
996 |b C90606  |c C*90606  |l CCI  |s A  |a 24  |w stu20921_0001